U.S. States Map Highlighting Quiz - Statistics

General Stats
  • This quiz has been taken 19 times
  • The average score is 46 of 50
Answers on the Map
Answers color-coded by a green-red scale on the quiz's map according to % correct below.
 
Answer Stats
Answer % Correct
Alaska
100%
California
100%
Colorado
100%
Florida
100%
Georgia
100%
Hawaii
100%
Idaho
100%
Kansas
100%
Louisiana
100%
Maryland
100%
Minnesota
100%
Mississippi
100%
Oregon
100%
Texas
100%
Utah
100%
Washington
100%
Arizona
92%
Arkansas
92%
Connecticut
92%
Illinois
92%
Indiana
92%
Iowa
92%
Kentucky
92%
Maine
92%
Massachusetts
92%
Michigan
92%
Missouri
92%
Montana
92%
Nebraska
92%
Nevada
92%
New Hampshire
92%
New Jersey
92%
New Mexico
92%
Ohio
92%
Rhode island
92%
Delaware
85%
New York
85%
North Carolina
85%
North Dakota
85%
Oklahoma
85%
Pennsylvania
85%
South carolina
85%
South dakota
85%
Tennessee
85%
Vermont
85%
Virginia
85%
West virginia
85%
Wisconsin
85%
Wyoming
77%
Alabama
69%
No matching quizzes found
Score Distribution
Percent of People with Each Score
Percentile by Number Answered
Your Score History
You have not taken this quiz